000 01429nam a22003857 4500
001 60510
003 CO-BoRNBP
005 20260217193051.0
007 ta
008 040819s2004 sp | ||| ||spa
017 _aM 24443-2004
_bOficina Depósito Legal Madrid
020 _a842054311X
020 _a9789586990653
040 _aSpMaBN
_bspa
_cSpMaBN
_erdc
080 _a087.5:82
084 _aP MAR
100 1 _aMartín Anguita, Carmen
_950398
245 1 1 _a¡Hola, caracola!
_h[Texto impreso]
_cCarmen Martín Anguita ; ilustraciones de Teo Puebla
250 _a1a. edición
300 _a45 p.
_bil. col.
_c20 cm
336 _2rdacontent
_atexto
_btxt
337 _2rdamedia
_asin mediación
_bn
338 _2rdacarrier
_avolumen
_bnc
500 _aEn el lomo: 24
650 _2LEMB
700 1 _aPuebla, Teo
_d1943-
_968908
942 _2ddc
_cBK
956 _a2
980 _aM 24443-2004
_a84-205-4311-X
_aSpMaBN
_bBNALCALA
_j12/250897
_cSG_PETANTI
980 _aM 24443-2004
_a84-205-4311-X
_aSpMaBN
_bBNALCALA
_jDL/1319611
_cCONSERVACI
980 _aM 24443-2004
_a84-205-4311-X
_aSpMaBN
_bBNALCALA
_jAHMO/82257
_cSG_PETANTI
980 _aM 16735-2007
_a978-84-205-4311-6 (ISBN único)
_aSpMaBN
_bBNALCALA
_jDL/1577294
_cCONSERVACI
980 _aM 16735-2007
_a84-205-4311-X
_aSpMaBN
_bBNALCALA
_jAHMO/280502
_cSG_PETANTI
980 _aM 16735-2007
_a978-84-205-4311-6 (ISBN único)
_aSpMaBN
_bBNALCALA
_jAHM/858291
_cSG_PETANTI
999 _c60510
_d60510